| 000 | 01036cam a22002894a 4500 | ||
|---|---|---|---|
| 001 | 12019105 | ||
| 003 | OSt | ||
| 005 | 20180116192417.0 | ||
| 008 | 000524s1999 enka 001 0 eng | ||
| 010 | _a 00362434 | ||
| 020 | _a1840911565 | ||
| 040 |
_aDLC _cDLC _dDLC |
||
| 042 | _apcc | ||
| 050 | 0 | 0 |
_aSB423 _b.A72 1999 |
| 082 | 0 | 0 |
_a714 _221 |
| 100 | 1 |
_aArcher-Wills, Anthony. _96820 |
|
| 245 | 1 | 0 |
_aDesigning water gardens : _ba unique approach / _c[Anthony Archer-Wills ; editor Helen Woodhall]. |
| 260 |
_aLondon : _bConran Octopus, _c1999. |
||
| 300 |
_a190 p. : _bcol. ill. ; _c29 cm. |
||
| 650 | 0 |
_aWater gardens. _96821 |
|
| 700 | 1 |
_aWoodhall, Helen. _96822 |
|
| 856 | 4 | 2 |
_3Publisher description _uhttp://www.loc.gov/catdir/description/ste021/00362434.html |
| 906 |
_a7 _bcbc _corignew _d3 _encip _f19 _gy-gencatlg |
||
| 942 |
_2ddc _cBK |
||
| 999 |
_c353764 _d353764 |
||